| 000 | 01193nac a22003977a 4500 | ||
|---|---|---|---|
| 001 | BR0703022 | ||
| 003 | BR-BrBNA | ||
| 005 | 20240105123416.0 | ||
| 008 | 230509b bl.|||m| |||| 00| 0 por d | ||
| 040 |
_aBR-BrBNA _bpor _cBiblioteca Nacional de Agricultura |
||
| 072 | _aQ60; E21 | ||
| 090 | _a2400 BR0703022 | ||
| 100 | 1 | _aMascarenhas, J.G. | |
| 100 | 1 | _aSouza, I.R. | |
| 100 | 1 | _aAzeredo, O.B. | |
| 100 | 1 | _aMoura, L.L. | |
| 100 | 1 | _aCarvalho, J.B. de M. | |
| 100 | 1 | _aMaurmo, S. | |
| 100 | 1 | _aMachado, R.D. | |
| 100 | 1 | _aAlencastro, C.G. de | |
| 110 | 1 |
_aInstituto de Óleos, Rio de Janeiro, GB (Brasil) _96060 |
|
| 245 | 1 | _aTecnologia: analítica e industrial; cêras e resinas vegetais | |
| 260 | 3 |
_aRio de Janeiro, GB (Brasil): _c1958. |
|
| 300 | _a180 p. | ||
| 490 |
_aBoletim - Instituto de Óleos (Brazil) _vno. 16 _x |
||
| 500 | _aDocumento microfilmado e tratado BR7375747 | ||
| 650 | _aCARNAÚBA | ||
| 650 | _aOURICURI | ||
| 650 | _aCOPERNICIA CERIFERA | ||
| 650 | _aCERA | ||
| 650 | _aRESINA | ||
| 650 | _aPLANTA PRODUTORA DE CERA | ||
| 650 | _aINDÚSTRIA AGRÍCOLA | ||
| 909 |
_a202312 _bLúcia Elande _c55 _dLúcia Elande |
||
| 942 |
_2AGRIS _n0 _cMS |
||
| 999 |
_c295315 _d295315 |
||